| 000 | 01344cam a22003374a 4500 | ||
|---|---|---|---|
| 005 | 20260322212047.0 | ||
| 008 | data | ||
| 010 | _a 2004060553 | ||
| 020 | _a0757302033 | ||
| 020 | _a9780757302039 | ||
| 040 |
_aDLC _cDLC _dDLC _dVET _dOCLCQ _dDLC |
||
| 042 | _apcc | ||
| 050 | 0 | 0 |
_aHV5275 _b.C39 2004 |
| 082 | 0 | 0 |
_aB _aB _222 |
| 092 | _a616.86 C39 2004 | ||
| 245 | 1 | 0 |
_aChicken soup for the recovering soul : _byour personal, portable support group with stories of healing, hope, love, and resilience / _cJack Canfield. |
| 260 |
_aDeerfield Beach, Fla. : _bHealth Communications, _cc2004. |
||
| 300 |
_axxii, 360 p. : _bill. ; _c22 cm. |
||
| 650 | 0 |
_aRecovering alcoholics _vBiography. |
|
| 650 | 0 |
_aRecovering addicts _vBiography. |
|
| 650 | 0 | _aCompulsive behavior. | |
| 650 | 0 | _aRecovery movement. | |
| 650 | 2 |
_aAlcoholism _xrehabilitation _vPopular Works. |
|
| 650 | 2 |
_aSocial Support _vPopular Works. |
|
| 650 | 2 |
_aSubstance-Related Disorders _xrehabilitation _vPopular Works. |
|
| 700 | 1 |
_aCanfield, Jack, _d1944- |
|
| 856 | 4 | 2 |
_3Publisher description _uhttp://www.loc.gov/catdir/description/hci051/2004060553.html |
| 856 | 4 | 1 |
_3Sample text _uhttp://www.loc.gov/catdir/enhancements/fy0618/2004060553-s.html |
| 856 | 4 | 2 |
_3Contributor biographical information _uhttp://www.loc.gov/catdir/enhancements/fy0735/2004060553-b.html |
| 001 | data | ||
| 999 |
_c1101 _d1101 |
||